Música folklorica /

Guardado en:
Formato: Libro
Publicado: Bahía Blanca : Escuela de Educación Básica / Uns, 2002
Materias:
Fc
Etiquetas: Agregar Etiqueta
Sin Etiquetas, Sea el primero en etiquetar este registro!
LEADER 00526nam a22001935a 4500
001 CEM.cems011268
005 20060214000000.0
008 130507s2002##################000#0#####d
003 CEMS
082 0 4 |a F780 
245 0 0 |a Música folklorica / 
260 |a Bahía Blanca :  |b Escuela de Educación Básica / Uns,  |c 2002 
300 |a 82 p. 
653 |a Musica 
653 |a Musica folclorica 
653 |a Leyendas argentinas 
653 |a Folclore argentino 
653 |a Fc 
859 |a CEMS  |b BIB. CEMS - 11 de abril  |h F780  |i 17  |p 1887.44  |t Ej.1